00267nam a2200109 a 450000500170000000800410001705000200005824500250007826000230010344000130012665000180013920140513081056.0070202s19uu xx 00 eng d aVCDbGo646 2004 aGood day good night. bViva video,c2004. aBarney : aDay and night